[Event "Gibraltar Masters 11th"]
[Site "Caleta"]
[Date "2013.01.31"]
[Round "10"]
[White "Henrichsen, Jens"]
[Black "Diaz Gallego, Saul"]
[Result "1-0"]
[WhiteElo "1957"]
[BlackElo "1655"]
[PlyCount "81"]
[EventDate "2013.01.22"]
[EventType "swiss"]
[EventRounds "10"]
[EventCountry "GGB"]
[SourceTitle "CBM 153"]
[Source "ChessBase"]
[SourceDate "2013.03.14"]
[SourceVersion "1"]
[SourceVersionDate "2013.03.14"]
[SourceQuality "1"]

1. d4 Nf6 2. Nf3 e6 3. c4 d5 4. Nc3 Bb4 5. Qa4+ Nc6 6. e3 0-0 7. Bd2 Bxc3 8. Bxc3 Ne7 9. Qc2 a6 10. Rc1 c6 11. Bd3 dxc4 12. Bxc4 b5 13. Bd3 h6 14. 0-0 Bb7 15. Rfd1 Ned5 16. Bd2 a5 17. a4 Rc8 18. Qb3 b4 19. Ne5 Nd7 20. Nc4 N7f6 21. e4 Ne7 22. e5 Ne8 23. Bb1 c5 24. Qg3 Kh8 25. dxc5 Bd5 26. Nd6 Nxd6 27. exd6 Ng8 28. Bf4 Qd7 29. Be5 f5 30. Qg6 Nf6 31. Rd4 Qxa4 32. Rh4 Rxc5 33. Rxh6+ Kg8 34. Re1 Qc6 35. Rh7 Qd7 36. Bxf6 Rxf6 37. Qh5 Rh6 38. Qxh6 gxh6 39. Rxd7 Rc8 40. h4 Bc6 41. Rc7 1-0

[Event "Gibraltar Masters 11th"]
[Site "Caleta"]
[Date "2013.01.22"]
[Round "1"]
[White "Diaz Gallego, Saul"]
[Black "Tari, Aryan"]
[Result "0-1"]
[WhiteElo "1655"]
[BlackElo "2268"]
[PlyCount "74"]
[EventDate "2013.01.22"]
[EventType "swiss"]
[EventRounds "10"]
[EventCountry "GGB"]
[SourceTitle "CBM 153"]
[Source "ChessBase"]
[SourceDate "2013.03.14"]
[SourceVersion "1"]
[SourceVersionDate "2013.03.14"]
[SourceQuality "1"]

1. d4 Nf6 2. c4 e6 3. Nc3 Bb4 4. Qc2 c5 5. e3 0-0 6. Nf3 b6 7. a3 Bxc3+ 8. bxc3 Bb7 9. Be2 d6 10. 0-0 Nbd7 11. Nd2 Rc8 12. Qb3 Re8 13. Bf3 Bxf3 14. Nxf3 Qc7 15. Nd2 d5 16. cxd5 exd5 17. a4 a6 18. h3 c4 19. Qb4 Ne4 20. Nxe4 Rxe4 21. Ba3 Re6 22. Qb1 Nf6 23. Qf5 g6 24. Qc2 Ne4 25. Bb2 Rce8 26. Rab1 f5 27. Bc1 g5 28. Re1 g4 29. h4 g3 30. f3 Nd6 31. Ba3 f4 32. Bxd6 Qxd6 33. e4 Qe7 34. e5 Qxh4 35. Qf5 Qh2+ 36. Kf1 Qh1+ 37. Ke2 Qxg2+ 0-1

[Event "Andalucia-ch U16"]
[Site "Islantilla"]
[Date "2012.04.14"]
[Round "5"]
[White "Bernabeu Lopez, Carlos Javier"]
[Black "Diaz Gallego, Saul"]
[Result "1-0"]
[WhiteElo "1802"]
[BlackElo "1618"]
[PlyCount "62"]
[EventDate "2012.04.13"]
[EventType "swiss"]
[EventRounds "9"]
[EventCountry "ESP"]
[SourceTitle "CBM 148 Extra"]
[Source "ChessBase"]
[SourceDate "2012.06.22"]
[SourceVersion "1"]
[SourceVersionDate "2012.06.22"]
[SourceQuality "1"]

1. e4 c5 2. Nf3 d6 3. d4 cxd4 4. Nxd4 Nf6 5. Nc3 a6 6. Be2 e6 7. 0-0 Be7 8. Be3 b5 9. f3 Bb7 10. Nb3 Nbd7 11. a4 b4 12. Nb1 0-0 13. N1d2 d5 14. exd5 Nxd5 15. Bf2 Nf4 16. Nc4 Nf6 17. Nb6 Qxd1 18. Bxd1 Rad8 19. Na5 Bd5 20. Nxd5 N4xd5 21. Be2 Rc8 22. Rac1 Bc5 23. Nb7 Bxf2+ 24. Kxf2 Rc7 25. Nd6 Rd8 26. Ne4 Nxe4+ 27. fxe4 Nf6 28. Ke3 a5 29. c3 bxc3 30. Rxc3 Rxc3+ 31. bxc3 Kf8 1-0